000
00245nam a2200109Ia 4500
003
OSt
008
201029b ||||| |||| 00| 0 eng d
100
_a
VENUGOPAL, K R.
245
_a
Mastering C++
260
_a
N.Delhi
_b
TMH
_c
2005
942
_2
ddc
_c
BK
999
_c
2806
_d
2806